| 000 | 01118nam1a22002651i 4500 | ||
|---|---|---|---|
| 001 | v19\rc\1611184 | ||
| 005 | 20260405165219.0 | ||
| 035 | _a(NLR Aleph) 005238949 | ||
| 090 |
_a5683983 _c5683983 |
||
| 100 | _a20061002g18971914|||y0rusy50 ca | ||
| 101 | 0 | _arus | |
| 102 | _aRU | ||
| 105 | _a z ||||| | ||
| 200 | 1 |
_aПожарный календарь... _fсост. под ред. Д.П. Струкова |
|
| 210 |
_aСанкт-Петербург _cИздание Императорского Российского пожарного общества _d[1897] |
||
| 215 | _d16 | ||
| 300 | _aИзд. 1897 г.: Главный совет Соединенного Российского пожарного о-ва | ||
| 300 | _aРед. 1897 г. не указан | ||
| 702 | 1 |
_4340 _8rus _7ca _aСтруков _bД. П. _f1864-1920 _gДмитрий Петрович _3RU\NLR\AUTH\7771129 _954057 |
|
| 801 | 0 |
_aRU _bNLR _c20061002 _gpsbo |
|
| 801 | 0 |
_aRU _bRuMoRGB _c20061002 _2psbo |
|
| 801 | 1 |
_aRU _bProSoft-M _c20061002 _2rusmarc |
|
| 801 | 2 |
_aRU _bNLR _c20091120 _2rusmarc |
|
| 852 |
_aNLR (1897-1914) _jNLR: 18.273.7.9 |
||
| 942 | _cBOOK | ||